000 00697cam a2200241 4500
001 3121249
003 ARRUPE
005 20221121095938.0
008 680301s1968 nyu b 000 0 eng
010 _a 68018566
028 _bArrupe
040 _aDLC
_cDLC
_dDLC
050 0 0 _aBL51
_b.S573
082 0 0 _a200/.1
100 1 _aSmith, John E.
_q(John Edwin),
_d1921-2009.
_934325
245 1 0 _aExperience and God
_c[by] John E. Smith.
260 _aNew York,
_bOxford University Press,
_c1968.
300 _aviii, 209 p.
_c21 cm.
504 _aBibliographical footnotes.
650 0 _aReligion
_xPhilosophy.
906 _a7
_bcbc
_corignew
_du
_encip
_f19
_gy-gencatlg
942 _2lcc
_cMONOGRAPH
999 _c131540
_d131540